<?xml version="1.0" encoding="UTF-8"?>
<resp>
  <nextPage>https://data.bn.org.pl/api/networks/bibs.marcxml?marc=001+b0000080223795&amp;sinceId=80223796</nextPage>
  <collection>
    <record xmlns='http://www.loc.gov/MARC21/slim'><leader>00548nam a2200181 i 4500</leader><controlfield tag='001'>b0000080223795</controlfield><controlfield tag='005'>20241203220736.5</controlfield><controlfield tag='008'>110415s2008    pl#           000   pol d</controlfield><controlfield tag='009'>9912897511705606</controlfield><datafield ind1=' ' ind2=' ' tag='035'><subfield code='a'>990001879650307664-48omnis_network</subfield></datafield><datafield ind1=' ' ind2=' ' tag='035'><subfield code='a'>(Aleph)000187965SGH01</subfield></datafield><datafield ind1=' ' ind2=' ' tag='035'><subfield code='a'>(PL)b0000080223795</subfield></datafield><datafield ind1=' ' ind2=' ' tag='040'><subfield code='a'>SGH</subfield><subfield code='c'>SGH</subfield></datafield><datafield ind1=' ' ind2='0' tag='245'><subfield code='a'>Działaczki społeczne, feministki, obywatelki.</subfield><subfield code='n'>T. 1.</subfield></datafield><datafield ind1=' ' ind2=' ' tag='260'><subfield code='a'>Warszawa.</subfield><subfield code='b'>Neriton.</subfield><subfield code='c'>2008.</subfield></datafield><datafield ind1=' ' ind2=' ' tag='852'><subfield code='b'>48OMNIS_NETWORK</subfield><subfield code='8'>9912897511705606</subfield></datafield><datafield ind1=' ' ind2=' ' tag='852'><subfield code='b'>48OMNIS_WSE</subfield><subfield code='8'>990001879650307664</subfield></datafield></record>
  </collection>
</resp>
